[Event "EU-chT Seniors 09th"]
[Site "Dresden"]
[Date "2007.02.20"]
[Round "5"]
[White "Korn, Juergen Christof"]
[Black "Wibe, Per H"]
[Result "1-0"]
[WhiteElo "2123"]
[BlackElo "1795"]
[PlyCount "77"]
[EventDate "2007.02.16"]
[EventType "team-swiss"]
[EventRounds "9"]
[EventCountry "GER"]
[SourceTitle "CBM 117 Extra"]
[Source "ChessBase"]
[SourceDate "2007.05.09"]
[SourceVersion "1"]
[SourceVersionDate "2007.05.09"]
[SourceQuality "1"]

1. g3 Nf6 2. Bg2 g6 3. f4 d6 4. d3 Bg7 5. Nf3 c6 6. c3 Nbd7 7. Na3 0-0 8. e4 Nc5 9. 0-0 Nh5 10. Be3 b6 11. b4 Nb7 12. Rc1 a5 13. b5 c5 14. Nh4 Nf6 15. f5 Qe8 16. g4 e6 17. g5 Nd7 18. f6 Bh8 19. d4 Rb8 20. e5 d5 21. Nf3 c4 22. h4 Nd8 23. h5 Rb7 24. Nh4 Rc7 25. Rc2 Nb8 26. Rf3 Bd7 27. Qb1 Bc8 28. Bf1 Bd7 29. Rh2 Bc8 30. Be2 Nb7 31. Rfh3 Nd7 32. Bd1 Nbc5 33. hxg6 fxg6 34. Nxg6 Rf7 35. Nxh8 Nd3 36. Nxf7 Qxf7 37. Rxh7 Qxh7 38. Rxh7 Kxh7 39. Be2 1-0

[Event "EU-chT Seniors 09th"]
[Site "Dresden"]
[Date "2007.02.17"]
[Round "2"]
[White "Santos, Julio Fernandes"]
[Black "Korn, Juergen Christof"]
[Result "1/2-1/2"]
[WhiteElo "2092"]
[BlackElo "2123"]
[PlyCount "39"]
[EventDate "2007.02.16"]
[EventType "team-swiss"]
[EventRounds "9"]
[EventCountry "GER"]
[SourceTitle "CBM 117 Extra"]
[Source "ChessBase"]
[SourceDate "2007.05.09"]
[SourceVersion "1"]
[SourceVersionDate "2007.05.09"]
[SourceQuality "1"]

1. e4 c5 2. Nf3 g6 3. d4 cxd4 4. Nxd4 Bg7 5. Nc3 Nc6 6. Be3 Nf6 7. Be2 0-0 8. Qd2 d5 9. exd5 Nxd5 10. Nxc6 bxc6 11. Bd4 Nxc3 12. Bxg7 Qxd2+ 13. Kxd2 Ne4+ 14. Ke3 Kxg7 15. Kxe4 Rd8 16. Ke3 Rb8 17. b3 Bf5 18. Rhd1 Rd6 19. Rxd6 exd6 20. Bf3 1/2-1/2

[Event "GER-ch Seniors 18th"]
[Site "Dresden"]
[Date "2006.07.28"]
[Round "7"]
[White "Keller, Lothar"]
[Black "Korn, Juergen Christof"]
[Result "1/2-1/2"]
[WhiteElo "1926"]
[BlackElo "2032"]
[PlyCount "25"]
[EventDate "2006.07.22"]
[EventType "swiss"]
[EventRounds "9"]
[EventCountry "GER"]
[SourceTitle "EXT 2022"]
[Source "ChessBase"]
[SourceDate "2021.10.06"]
[SourceVersion "1"]
[SourceVersionDate "2021.10.06"]
[SourceQuality "1"]

1. e4 c5 2. Nf3 Nc6 3. d4 cxd4 4. Nxd4 g6 5. c4 Bg7 6. Be3 Nf6 7. Nc3 Ng4 8. Nxc6 Nxe3 9. Nxd8 Bxc3+ 10. bxc3 Nxd1 11. Nxf7 Kxf7 12. Rxd1 d6 13. c5 1/2-1/2

[Event "GER-ch Seniors 18th"]
[Site "Dresden"]
[Date "2006.07.24"]
[Round "3"]
[White "Lenk, Wolfgang"]
[Black "Korn, Juergen Christof"]
[Result "1/2-1/2"]
[WhiteElo "2218"]
[BlackElo "2112"]
[PlyCount "60"]
[EventDate "2006.07.22"]
[EventType "swiss"]
[EventRounds "9"]
[EventCountry "GER"]
[SourceTitle "CBM 113 Extra"]
[Source "ChessBase"]
[SourceDate "2006.09.14"]
[SourceVersion "1"]
[SourceVersionDate "2006.09.14"]
[SourceQuality "1"]

1. e4 c5 2. Nf3 g6 3. d4 cxd4 4. Nxd4 Bg7 5. Nc3 Nc6 6. Be3 Nf6 7. Bc4 d6 8. 0-0 Ng4 9. Nxc6 bxc6 10. Bf4 0-0 11. h3 Ne5 12. Be2 Rb8 13. Rb1 Be6 14. b3 Qa5 15. Na4 f5 16. Bd2 Qc7 17. f4 Nd7 18. exf5 Bxf5 19. Bf3 e5 20. Qe2 d5 21. g4 Be6 22. fxe5 Rbe8 23. Bg2 Rxf1+ 24. Rxf1 Bxe5 25. Kh1 d4 26. c3 Qd6 27. cxd4 Bxd4 28. Nc3 Nf6 29. Ne4 Nxe4 30. Qxe4 Bd7 1/2-1/2

[Event "Niedersachsen-ch Seniors op 09th"]
[Site "Bad Bevensen"]
[Date "2006.07.01"]
[Round "8"]
[White "Lange, Siegfried"]
[Black "Korn, Juergen Christof"]
[Result "1/2-1/2"]
[WhiteElo "1926"]
[BlackElo "2029"]
[PlyCount "45"]
[EventDate "2006.06.24"]
[EventType "swiss"]
[EventRounds "9"]
[EventCountry "GER"]
[SourceTitle "EXT 2022"]
[Source "ChessBase"]
[SourceDate "2021.10.06"]
[SourceVersion "1"]
[SourceVersionDate "2021.10.06"]
[SourceQuality "1"]

1. d4 Nf6 2. Bg5 Ne4 3. Bf4 c5 4. f3 Qa5+ 5. c3 Nf6 6. Nd2 cxd4 7. Nb3 Qf5 8. Bxb8 Rxb8 9. Qxd4 Ra8 10. e4 Qf4 11. Ne2 Qc7 12. e5 Ng8 13. 0-0-0 e6 14. Kb1 Ne7 15. f4 Nf5 16. Qd3 d5 17. g4 Ne7 18. Ned4 a6 19. Bg2 Ng6 20. Qg3 Be7 21. g5 h5 22. h4 Bd7 23. Rhe1 1/2-1/2

[Event "Niedersachsen-ch Seniors op 09th"]
[Site "Bad Bevensen"]
[Date "2006.06.30"]
[Round "7"]
[White "Korn, Juergen Christof"]
[Black "Ophoff, Rigobert"]
[Result "1/2-1/2"]
[WhiteElo "2029"]
[BlackElo "1895"]
[PlyCount "68"]
[EventDate "2006.06.24"]
[EventType "swiss"]
[EventRounds "9"]
[EventCountry "GER"]
[SourceTitle "EXT 2022"]
[Source "ChessBase"]
[SourceDate "2021.10.06"]
[SourceVersion "1"]
[SourceVersionDate "2021.10.06"]
[SourceQuality "1"]

1. c4 Nf6 2. g3 c6 3. Bg2 d5 4. Nf3 Bf5 5. Qb3 Qb6 6. Nc3 dxc4 7. Qxc4 e6 8. 0-0 Qb4 9. b3 Nbd7 10. Bb2 Nb6 11. Qxb4 Bxb4 12. Rac1 0-0 13. Ne5 Rfd8 14. d3 Nfd7 15. Ne4 Nxe5 16. Bxe5 Bxe4 17. Bxe4 Rd7 18. Rc2 Rad8 19. a3 Bxa3 20. Ra1 Bd6 21. Bxd6 Rxd6 22. Rxa7 R6d7 23. b4 Nc8 24. Ra8 Nd6 25. Rxd8+ Rxd8 26. Bf3 Ra8 27. e3 Ra1+ 28. Kg2 Rb1 29. Ra2 g6 30. Ra8+ Kg7 31. Rd8 Nf5 32. e4 Nh6 33. Rd4 e5 34. Rc4 Kf6 1/2-1/2

[Event "Niedersachsen-ch Seniors op 09th"]
[Site "Bad Bevensen"]
[Date "2006.06.27"]
[Round "4"]
[White "Hellwege, Werner"]
[Black "Korn, Juergen Christof"]
[Result "1/2-1/2"]
[WhiteElo "1823"]
[BlackElo "2029"]
[PlyCount "44"]
[EventDate "2006.06.24"]
[EventType "swiss"]
[EventRounds "9"]
[EventCountry "GER"]
[SourceTitle "EXT 2022"]
[Source "ChessBase"]
[SourceDate "2021.10.06"]
[SourceVersion "1"]
[SourceVersionDate "2021.10.06"]
[SourceQuality "1"]

1. d4 g6 2. e4 Bg7 3. c4 d6 4. Nc3 Nf6 5. Nf3 Bg4 6. Be2 0-0 7. 0-0 Nfd7 8. Be3 e5 9. d5 f5 10. Bg5 Nf6 11. Nd2 Bxe2 12. Qxe2 Nbd7 13. b4 h6 14. Bxf6 Qxf6 15. f3 Rf7 16. a4 a5 17. Nb5 Nf8 18. bxa5 Rxa5 19. Nb3 Ra8 20. Kh1 c6 21. Nc3 h5 22. Rfb1 Nh7 1/2-1/2

[Event "Niedersachsen-ch Seniors op 09th"]
[Site "Bad Bevensen"]
[Date "2006.06.24"]
[Round "1"]
[White "Korn, Juergen Christof"]
[Black "Kaehler, Karl Heinz"]
[Result "1/2-1/2"]
[WhiteElo "2029"]
[BlackElo "1779"]
[PlyCount "38"]
[EventDate "2006.06.24"]
[EventType "swiss"]
[EventRounds "9"]
[EventCountry "GER"]
[SourceTitle "EXT 2022"]
[Source "ChessBase"]
[SourceDate "2021.10.06"]
[SourceVersion "1"]
[SourceVersionDate "2021.10.06"]
[SourceQuality "1"]

1. c4 Nf6 2. g3 c5 3. Bg2 Nc6 4. Nc3 d6 5. Nf3 e5 6. 0-0 h6 7. d3 Be6 8. Bd2 Be7 9. a3 Qd7 10. Qb3 0-0 11. Nd5 Bd8 12. Bc3 Rb8 13. Rfd1 b5 14. Ne1 bxc4 15. Qxc4 Nxd5 16. Bxd5 Bxd5 17. Qxd5 Ne7 18. Qc4 Bb6 19. Nf3 Qf5 1/2-1/2

[Event "EU-chT Seniors 08th"]
[Site "Dresden"]
[Date "2006.02.22"]
[Round "6"]
[White "Korn, Juergen Christof"]
[Black "Bakhmatov, Eduard"]
[Result "1/2-1/2"]
[WhiteElo "2096"]
[BlackElo "2390"]
[PlyCount "70"]
[EventDate "2006.02.17"]
[EventType "team-swiss"]
[EventRounds "8"]
[EventCountry "GER"]
[SourceTitle "CBM 111 Extra"]
[Source "ChessBase"]
[SourceDate "2006.05.09"]
[SourceVersion "1"]
[SourceVersionDate "2006.05.09"]
[SourceQuality "1"]
[WhiteTeam "Bremer SG"]
[BlackTeam "Koeln Phoenix"]
[WhiteTeamCountry "GER"]
[BlackTeamCountry "GER"]

1. c4 e5 2. g3 Nf6 3. Bg2 c6 4. Nc3 d5 5. d4 exd4 6. Qxd4 dxc4 7. Qxc4 Be6 8. Qa4 Be7 9. Nf3 0-0 10. 0-0 Nbd7 11. Qc2 Nc5 12. Be3 Qc8 13. Bxc5 Bxc5 14. Ng5 Bf5 15. e4 Bg6 16. Rad1 Qg4 17. Qc1 h6 18. e5 Qxg5 19. Qxg5 hxg5 20. exf6 Rad8 21. fxg7 Kxg7 22. Ne4 Be7 23. f4 gxf4 24. gxf4 Bf5 25. Bf3 Rfe8 26. Rxd8 Rxd8 27. Re1 Bb4 28. Re2 Ba5 29. Rg2+ Kf8 30. Kf2 b5 31. Rg5 Rd5 32. Nc3 Rd2+ 33. Ke3 Rxb2 34. Rxf5 Bxc3 35. Bxc6 Rxa2 1/2-1/2

[Event "EU-chT Seniors 08th"]
[Site "Dresden"]
[Date "2006.02.20"]
[Round "4"]
[White "Korn, Juergen Christof"]
[Black "Svensson, Leif"]
[Result "1-0"]
[WhiteElo "2096"]
[BlackElo "2165"]
[PlyCount "95"]
[EventDate "2006.02.17"]
[EventType "team-swiss"]
[EventRounds "8"]
[EventCountry "GER"]
[SourceTitle "CBM 111 Extra"]
[Source "ChessBase"]
[SourceDate "2006.05.09"]
[SourceVersion "1"]
[SourceVersionDate "2006.05.09"]
[SourceQuality "1"]
[WhiteTeam "Bremer SG"]
[BlackTeam "Sweden II"]
[WhiteTeamCountry "GER"]
[BlackTeamCountry "SWE"]

1. g3 d5 2. Bg2 c6 3. d3 e5 4. Nf3 Bd6 5. 0-0 Bg4 6. Nc3 Qd7 7. Re1 Nf6 8. e4 d4 9. Ne2 h6 10. Nexd4 Bb4 11. c3 Bxc3 12. bxc3 exd4 13. cxd4 0-0 14. Qb3 Bxf3 15. Bxf3 Qxd4 16. Bb2 Qb6 17. Qc3 Nbd7 18. Rab1 Rfe8 19. Ba1 Qc5 20. Qb3 Rad8 21. d4 Qb6 22. Qc2 Qa6 23. Re3 b5 24. Rc1 Rc8 25. Rc3 Nb6 26. Rc5 Nc4 27. a4 Qb7 28. e5 Nd7 29. Rxb5 Qa6 30. Rb4 Ncb6 31. Bg4 c5 32. Rxb6 Nxb6 33. Bxc8 Rxc8 34. dxc5 Qxa4 35. Qxa4 Nxa4 36. Bd4 Rd8 37. Rc4 Nxc5 38. Bxc5 Rd5 39. Bd6 a5 40. f4 f6 41. Kg2 g5 42. Kf3 Rd2 43. Ke4 gxf4 44. gxf4 fxe5 45. fxe5 Rxh2 46. Rc7 h5 47. e6 Rg2 48. Rc8+ 1-0

[Event "GER-chT Seniors 13th"]
[Site "Dresden"]
[Date "2004.08.07"]
[Round "7"]
[White "Korn, Juergen Christof"]
[Black "Walkewitz, Hubert"]
[Result "1/2-1/2"]
[WhiteElo "2039"]
[BlackElo "2267"]
[PlyCount "88"]
[EventDate "2004.08.01"]
[EventType "team"]
[EventRounds "7"]
[EventCountry "GER"]
[SourceTitle "CBM 103 Extra"]
[Source "ChessBase"]
[SourceDate "2005.01.01"]
[SourceVersion "1"]
[SourceVersionDate "2005.01.01"]
[SourceQuality "1"]

1. c4 f5 2. g3 Nf6 3. Bg2 g6 4. Nc3 Bg7 5. d3 0-0 6. h4 d6 7. Nh3 e5 8. c5 Nc6 9. Bg5 h6 10. Bd5+ Kh8 11. Bxf6 Bxf6 12. Qd2 Kg7 13. Rc1 Ne7 14. cxd6 Qxd6 15. Bg2 c6 16. a3 Be6 17. b4 a6 18. Na4 Bd5 19. e4 Be6 20. Nc5 Rab8 21. Ng5 Bg8 22. 0-0 Rfd8 23. Rfe1 b6 24. Nxa6 Ra8 25. b5 cxb5 26. Nc7 Rxa3 27. exf5 gxf5 28. Nxb5 Qxd3 29. Qxd3 Raxd3 30. Nh3 Rb3 31. Bf1 Rd5 32. Rb1 Rc5 33. Nd6 Kf8 34. Rxb3 Bxb3 35. Rb1 Rc3 36. Kh2 Rc6 37. Nxf5 Nxf5 38. Rxb3 Nd4 39. Rb1 Bd8 40. Rd1 Rd6 41. Bg2 b5 42. f4 Bf6 43. Rb1 Rb6 44. Re1 Re6 1/2-1/2

[Event "Wch Seniors 13th"]
[Site "Bad Zwischenahn"]
[Date "2003.11.26"]
[Round "8"]
[White "Korn, Juergen Christof"]
[Black "Ivanets, Vladimir"]
[Result "0-1"]
[WhiteElo "1975"]
[BlackElo "2270"]
[PlyCount "78"]
[EventDate "2003.11.16"]
[EventType "swiss"]
[EventRounds "11"]
[EventCountry "GER"]
[SourceTitle "CBM 097 Extra"]
[Source "ChessBase"]
[SourceDate "2004.01.13"]
[SourceVersion "1"]
[SourceVersionDate "2004.01.13"]
[SourceQuality "1"]

1. c4 e5 2. g3 Nc6 3. Bg2 Nf6 4. Nc3 h6 5. e3 Be7 6. Nge2 0-0 7. 0-0 d6 8. d4 exd4 9. exd4 Bf5 10. d5 Ne5 11. b3 Qd7 12. Nd4 Bh3 13. Re1 Bxg2 14. Kxg2 Rfe8 15. h3 c6 16. Bf4 Ng6 17. Qf3 cxd5 18. cxd5 Rac8 19. Re3 Nxf4+ 20. gxf4 Bf8 21. Nce2 Rc5 22. Rd1 Nxd5 23. Rxe8 Qxe8 24. b4 Nxb4 25. Qxb7 Nc6 26. Rd3 Nxd4 27. Nxd4 Qa4 28. f5 Qxa2 29. Nc6 Qc4 30. Nd8 Rxf5 31. Ra3 Qh4 32. Qxa7 Qxd8 33. Rb3 Qg5+ 34. Rg3 Qd2 35. h4 Qf4 36. f3 Qxh4 37. Qd7 Rg5 38. Rg4 Rxg4+ 39. fxg4 h5 0-1

[Event "Wch Seniors 13th"]
[Site "Bad Zwischenahn"]
[Date "2003.11.17"]
[Round "1"]
[White "Uhlmann, Wolfgang"]
[Black "Korn, Juergen Christof"]
[Result "1-0"]
[WhiteElo "2457"]
[BlackElo "1975"]
[PlyCount "81"]
[EventDate "2003.11.16"]
[EventType "swiss"]
[EventRounds "11"]
[EventCountry "GER"]
[SourceTitle "CBM 097 Extra"]
[Source "ChessBase"]
[SourceDate "2004.01.13"]
[SourceVersion "1"]
[SourceVersionDate "2004.01.13"]
[SourceQuality "1"]

1. c4 c5 2. Nf3 g6 3. e4 Bg7 4. d4 cxd4 5. Nxd4 Nc6 6. Be3 Nf6 7. Nc3 Ng4 8. Qxg4 Nxd4 9. Qd1 e5 10. Bd3 0-0 11. 0-0 d6 12. Re1 Be6 13. b3 a6 14. Bf1 Qa5 15. Bd2 Rfc8 16. Nb5 Qd8 17. Nxd4 exd4 18. a4 Qd7 19. Bc1 b5 20. axb5 axb5 21. Rxa8 Rxa8 22. cxb5 Ra1 23. Qc2 Qa7 24. Qc6 Bd7 25. Qxd6 Bf8 26. Qe5 Qb6 27. Bd2 Bd6 28. Qg5 Rxe1 29. Bxe1 h6 30. Qd5 Be6 31. Qc6 Qb8 32. Bc4 Bxh2+ 33. Kf1 Bxc4+ 34. bxc4 Bf4 35. g3 Bg5 36. b6 Bd8 37. c5 h5 38. b7 Kg7 39. Qc8 Bc7 40. Qxb8 Bxb8 41. Bd2 1-0

[Event "GER-ch Seniors 15th"]
[Site "Bad Wiessee"]
[Date "2003.05.16"]
[Round "7"]
[White "Boeckenhaupt, Rudi"]
[Black "Korn, Juergen Christof"]
[Result "0-1"]
[WhiteElo "2145"]
[BlackElo "2011"]
[PlyCount "72"]
[EventDate "2003.05.??"]
[EventType "swiss"]
[EventRounds "9"]
[EventCountry "GER"]
[SourceTitle "EXT 2006"]
[Source "ChessBase"]
[SourceDate "2005.11.24"]
[SourceVersion "1"]
[SourceVersionDate "2005.11.24"]
[SourceQuality "1"]

1. e4 c5 2. c4 Nc6 3. g3 g6 4. Bg2 Bg7 5. Ne2 d6 6. Nbc3 a6 7. d3 Rb8 8. a4 Bg4 9. f3 Bd7 10. 0-0 Nd4 11. Rb1 b5 12. axb5 axb5 13. Be3 b4 14. Nd5 e6 15. Bxd4 cxd4 16. Ndf4 Ne7 17. Nh3 Qb6 18. b3 e5 19. Nf2 0-0 20. Qd2 f5 21. Nd1 fxe4 22. fxe4 Rxf1+ 23. Bxf1 Bf8 24. Bg2 Kh8 25. h3 h5 26. Ra1 Kh7 27. Qa2 Nc6 28. Kh2 Bh6 29. Ng1 g5 30. Qe2 g4 31. h4 Nd8 32. Ra2 Ne6 33. Qc2 Rf8 34. Ra1 Qd8 35. Nb2 Bf4 36. Rf1 Qxh4+ 0-1

[Event "GER-ch Seniors 15th"]
[Site "Bad Wiessee"]
[Date "2003.05.11"]
[Round "2"]
[White "Korn, Juergen Christof"]
[Black "Zunker, Reinhard"]
[Result "0-1"]
[WhiteElo "2011"]
[BlackElo "2182"]
[PlyCount "67"]
[EventDate "2003.05.??"]
[EventType "swiss"]
[EventRounds "9"]
[EventCountry "GER"]
[SourceTitle "EXT 2006"]
[Source "ChessBase"]
[SourceDate "2005.11.24"]
[SourceVersion "1"]
[SourceVersionDate "2005.11.24"]
[SourceQuality "1"]

1. c4 Nf6 2. g3 g6 3. Bg2 Bg7 4. Nc3 0-0 5. Nf3 c5 6. 0-0 Nc6 7. a3 d5 8. cxd5 Nxd5 9. Qa4 Nb6 10. Qh4 e5 11. d3 Nd4 12. Bg5 f6 13. Bd2 Nb3 14. Rad1 Be6 15. Bh6 Qd7 16. Bxg7 Kxg7 17. Nd2 Nd4 18. Nc4 Nd5 19. Qe4 Rad8 20. Rd2 Nxc3 21. bxc3 Nc6 22. Rb2 f5 23. Qe3 Bxc4 24. Bxc6 Qxc6 25. Qxe5+ Qf6 26. Qxf6+ Rxf6 27. dxc4 b6 28. a4 Rfd6 29. a5 Rd2 30. Rfb1 Rxb2 31. Rxb2 Rd1+ 32. Kg2 Rc1 33. axb6 axb6 34. Rb3 0-1

[Event "Wch Seniors 13th"]
[Site "Bad Zwischenahn"]
[Date "2003.??.??"]
[Round "?"]
[White "Bogorad, Michail"]
[Black "Korn, Juergen Christof"]
[Result "1-0"]
[WhiteElo "2060"]
[BlackElo "1975"]
[PlyCount "65"]
[EventDate "2003.11.16"]
[EventType "swiss"]
[EventRounds "11"]
[EventCountry "GER"]
[SourceTitle "CBM 097 Extra"]
[Source "ChessBase"]
[SourceDate "2004.01.13"]
[SourceVersion "1"]
[SourceVersionDate "2004.01.13"]
[SourceQuality "1"]

1. c4 g6 2. Nc3 Bg7 3. g3 c5 4. Bg2 Nc6 5. e4 a6 6. Nge2 d6 7. 0-0 h5 8. h3 Bd7 9. d3 Rb8 10. a4 Qc8 11. Kh2 Nh6 12. f3 Nd4 13. Nxd4 cxd4 14. Nd5 b6 15. b3 e6 16. Nf4 Qd8 17. h4 Be5 18. Kg1 Bxf4 19. Bxf4 e5 20. Bd2 f6 21. b4 Nf7 22. Rf2 f5 23. Rb1 0-0 24. Qb3 Qe7 25. Bf1 Be6 26. Qa3 Kg7 27. Be2 Qf6 28. Qc1 fxe4 29. dxe4 Rb7 30. a5 d3 31. Bd1 Qd8 32. Qc3 Qc7 33. Bb3 1-0

[Event "Wch Seniors 13th"]
[Site "Bad Zwischenahn"]
[Date "2003.??.??"]
[Round "?"]
[White "Haug, Sverre"]
[Black "Korn, Juergen Christof"]
[Result "0-1"]
[WhiteElo "1855"]
[BlackElo "1975"]
[PlyCount "114"]
[EventDate "2003.11.16"]
[EventType "swiss"]
[EventRounds "11"]
[EventCountry "GER"]
[SourceTitle "CBM 097 Extra"]
[Source "ChessBase"]
[SourceDate "2004.01.13"]
[SourceVersion "1"]
[SourceVersionDate "2004.01.13"]
[SourceQuality "1"]

1. Nf3 c5 2. e4 g6 3. d4 cxd4 4. Nxd4 Bg7 5. Bc4 Nf6 6. Nc3 0-0 7. Qe2 Nc6 8. Nb3 d6 9. 0-0 Ne5 10. h3 Nxc4 11. Qxc4 Be6 12. Qb4 Qd7 13. Kh2 Rfc8 14. f3 Rc4 15. Qa5 a6 16. Be3 b5 17. Rad1 b4 18. Ne2 Rxc2 19. Ned4 Rxb2 20. Bc1 Rxg2+ 21. Kxg2 Bxh3+ 22. Kg1 Bxf1 23. Rxf1 Nh5 24. Kg2 Rc8 25. Qxa6 Bxd4 26. Nxd4 e5 27. Nb3 Rc2+ 28. Rf2 Qc7 29. Bd2 Qd8 30. Be3 Rxf2+ 31. Bxf2 Nf4+ 32. Kf1 Qd7 33. Ke1 h5 34. Qc4 h4 35. Nd2 h3 36. Nf1 d5 37. exd5 Nxd5 38. Bg3 Nc3 39. Bxe5 Qd1+ 40. Kf2 Qc2+ 41. Ke3 Nd1+ 42. Kd4 Qf2+ 43. Kd5 Nc3+ 44. Kd6 Qb6+ 45. Ke7 Qb7+ 46. Kd6 Qb6+ 47. Ke7 Qb7+ 48. Kd6 Qb8+ 49. Kc5 Qxe5+ 50. Kxb4 Nd5+ 51. Kb3 Ne3 52. Qc8+ Kg7 53. Nh2 Qxh2 54. Qc3+ Kg8 55. Qxe3 Qb8+ 56. Kc2 h2 57. Qh6 Qg3 0-1

[Event "Wch Seniors 13th"]
[Site "Bad Zwischenahn"]
[Date "2003.??.??"]
[Round "?"]
[White "Korn, Juergen Christof"]
[Black "Hobusch, Werner"]
[Result "1-0"]
[WhiteElo "1975"]
[BlackElo "1995"]
[PlyCount "70"]
[EventDate "2003.11.16"]
[EventType "swiss"]
[EventRounds "11"]
[EventCountry "GER"]
[SourceTitle "CBM 097 Extra"]
[Source "ChessBase"]
[SourceDate "2004.01.13"]
[SourceVersion "1"]
[SourceVersionDate "2004.01.13"]
[SourceQuality "1"]

1. g3 d5 2. Nf3 g6 3. Bg2 Bg7 4. c4 Nf6 5. cxd5 Nxd5 6. 0-0 0-0 7. Nc3 c6 8. d4 Nd7 9. e4 Nxc3 10. bxc3 c5 11. e5 cxd4 12. cxd4 Nb6 13. Ba3 Qd7 14. Qb3 Rd8 15. Ng5 Nd5 16. Rad1 e6 17. Ne4 a5 18. Rfe1 a4 19. Qb2 Ra5 20. Qd2 b6 21. Rb1 Rb5 22. Bf1 Rxb1 23. Rxb1 f5 24. Bb5 Qa7 25. Qg5 Rf8 26. Bxf8 Bxf8 27. Nd6 Bd7 28. Qd8 Bxb5 29. Nxb5 Qa5 30. Qd7 Ne7 31. Qxe6+ Kg7 32. Qf6+ Kg8 33. e6 Qa8 34. Qf7+ Kh8 35. Nc7 Qd8 1-0

[Event "GER-chT Seniors 08th"]
[Site "Verden"]
[Date "1999.08.07"]
[Round "7.4"]
[White "Gretzer, Otmar"]
[Black "Korn, Juergen Christof"]
[Result "1-0"]
[WhiteElo "2185"]
[BlackElo "2034"]
[PlyCount "80"]
[EventDate "1999.08.01"]
[EventType "team-swiss"]
[EventRounds "7"]
[EventCountry "GER"]
[SourceTitle "EXT 2022"]
[Source "ChessBase"]
[SourceDate "2021.10.06"]
[SourceVersion "1"]
[SourceVersionDate "2021.10.06"]
[SourceQuality "1"]

1. e4 c5 2. Nf3 g6 3. d4 cxd4 4. Nxd4 Nc6 5. c4 Bg7 6. Be3 Nf6 7. Nc3 Ng4 8. Qxg4 Nxd4 9. Qd1 e5 10. Be2 0-0 11. 0-0 a6 12. Nd5 d6 13. Rc1 Be6 14. f4 Bxd5 15. exd5 Nf5 16. Bd2 exf4 17. Bxf4 Bxb2 18. Rb1 Bd4+ 19. Kh1 Bc5 20. Rxb7 Qa5 21. Bd3 Ng7 22. Bh6 Rae8 23. Bxg7 Kxg7 24. Qf3 Re1 25. Rxf7+ Rxf7 26. Qxf7+ Kh6 27. Qf8+ Kh5 28. Be2+ Rxe2 29. Qf3+ Kh6 30. Qxe2 Qc3 31. h3 Bd4 32. Rd1 Be5 33. Qd2+ Kg7 34. Qxc3 Bxc3 35. c5 dxc5 36. d6 Bf6 37. d7 Bd8 38. Rd5 Kf7 39. Rxc5 Be7 40. Rd5 h5 1-0